000 00520cam a2200145 4500500
005 20251012032531.0
041 _afre
042 _adc
100 1 0 _aNormand de Chambourg, Dominique Samson
_eauthor
245 0 0 _aBernard Sesé, Discipline de l’arcane, Orbey, Arfuyen, Les cahiers d’Arfuyen, 2004, 91 pages.
260 _c2004.
500 _a76
786 0 _nSigila | 14 | 2 | 2004-12-20 | p. 192-194 | 1286-1715
856 4 1 _uhttps://shs.cairn.info/revue-sigila-2004-2-page-192?lang=fr&redirect-ssocas=7080
999 _c1547604
_d1547604